000 00750nam a2200241Ia 4500
003 OSt
005 20240807090306.0
008 210716s2014 xx 000 0 und d
020 _a9781847940995
040 _cAIMIT LIBRARY
041 _aeng
082 _a374.22
_21
_bSUTR
100 _aSutton, Robert I.
_9175399
245 _aScaling up excellence :
_bgetting to more without settling for less /
_cBy Robert I Sutton and Huggy Rao
250 _a1st ed.
260 _aLondon :
_bRandom House ,
_c2014.
300 _axviii,346p. ;
_bPB
_c24.3 cm
650 _aSetting the the stage
_9175400
650 _aScaling principles
_9175401
650 _aParting points
_9175402
700 _aRao, Huggy.
_9175403
942 _2ddc
_cBK
_e1st
_k374.22 SUTP
999 _c208701
_d208701